Queens NYC Neighborhoods - Statistics

General Stats
  • This quiz has been taken 189 times
  • The average score is 19 of 56
Answer Stats
Hint Answer % Correct
J Jamaica
89%
A Astoria
88%
F Flushing
85%
L LIC
73%
C Corona
71%
J Jackson Heights
70%
E Elmhurst
68%
F Forest Hills
66%
W Woodside
57%
K Kew Gardens
56%
R Rego Park
53%
B Bayside
52%
O Ozone Park
52%
W Whitestone
49%
F Far Rockaway
48%
M Maspeth
45%
Q Queens Village
45%
C College Point
42%
H Hollis
37%
H Howard Beach
36%
F Fresh Meadows
35%
W Woodhaven
34%
B Briarwood
33%
G Glendale
33%
R Richmond Hill
33%
R Rockaway Beach
33%
R Rosedale
28%
L Laurelton
27%
S Springfield
26%
S South Jamaica
25%
B Breezy Point
23%
C Cambria Heights
23%
U Utopia
23%
B Broad Channel
22%
M Malba
22%
A Arverne
19%
B Bay Terrace
18%
G Glen Oaks
18%
R Rochdale
18%
D Ditmars Steinway
17%
E Edgemere
17%
O Oakland Gardens
17%
S South Richmond Hill
17%
B Belle Harbor
16%
B Bayswater
14%
H Hamilton Beach
14%
L Lindenwood
14%
H Hunters Point
13%
S Sunnyside Gardens
12%
H Hillcrest
11%
R Roxbury
10%
A Astoria Heights
8%
E East Flushing
8%
O Old Howard Beach
8%
L Little Guyana
3%
L Liberty Park
1%
No matching quizzes found
Score Distribution
Percent of People with Each Score
Percentile by Number Answered
Your Score History
You have not taken this quiz